[Event "40th ECC Open 2025"]
[Site "Rhodes GRE"]
[Date "2025.10.24"]
[Round "6.109"]
[White "Pasti, Aron"]
[Black "Annaberdiyev, Meylis"]
[Result "0-1"]
[WhiteTitle "IM"]
[BlackTitle "GM"]
[WhiteElo "2366"]
[BlackElo "2408"]
[WhiteTeam "SK Dunajska Streda"]
[BlackTeam "Konya Yildiz Satranc SK"]
[WhiteFideId "785857"]
[BlackFideId "14000563"]
[EventDate "2025.10.19"]

1. e4 c5 2. Nf3 Nc6 3. d4 cxd4 4. Nxd4 Qb6 5. Nb3 e6 6. Nc3 Qc7 7. Qe2 a6 8. Be3
Bb4 9. Bd2 Nf6 10. g4 h6 11. O-O-O Bxc3 12. Bxc3 Qf4+ 13. Qd2 Qxd2+ 14. Nxd2 b5
15. a3 e5 16. h3 Ke7 17. Bg2 a5 18. f4 d6 19. fxe5 dxe5 20. Nf3 Nd7 21. Rd5 b4
22. Bxe5 Ncxe5 23. Nxe5 Nxe5 24. Rxe5+ Be6 25. Rd1 Rhc8 26. Rd2 Ra7 27. Bf1 bxa3
28. bxa3 Rc3 29. Rd3 Rc8 30. Rd4 Rac7 31. Bd3 Rc5 32. Rxc5 Rxc5 33. Kd2 Kf6 34.
Be2 Ke5 35. c3 Kf4 36. Bd1 Rb5 37. e5+ Kxe5 38. Bc2 Kf6 39. h4 g5 40. hxg5+ Kxg5
41. Bd1 Rb7 42. Ke3 Rb1 43. Kd2 Ra1 44. a4 Ra2+ 45. Ke3 Rg2 46. c4 Rg3+ 47. Bf3
Rg1 48. c5 Rc1 49. c6 Rc3+ 50. Kf2 Kf6 51. Rd8 Ke5 52. Kg3 Bb3 53. Kg2 Rc5 54.
Re8+ Kd6 55. Rd8+ Ke7 56. Rd4 Rc4 57. Rd7+ Kf6 58. c7 Rc2+ 59. Kg3 Be6 60. Rd4
Rxc7 61. Be2 Ke5 62. Rd8 Rc3+ 63. Kf2 Ra3 64. Rh8 Rxa4 65. Kg3 Ra3+ 66. Kf2 Ra4
67. Kg3 Ra1 68. Rxh6 a4 0-1

[Event "40th ECC Open 2025"]
[Site "Rhodes GRE"]
[Date "2025.10.24"]
[Round "6.110"]
[White "Yurtseven, Melih"]
[Black "Rigo, Zsolt"]
[Result "1-0"]
[WhiteTitle "IM"]
[BlackTitle "IM"]
[WhiteElo "2352"]
[BlackElo "2403"]
[WhiteTeam "Konya Yildiz Satranc SK"]
[BlackTeam "SK Dunajska Streda"]
[WhiteFideId "6312160"]
[BlackFideId "14903172"]
[EventDate "2025.10.19"]

1. e4 c5 2. Nf3 e6 3. d3 Nc6 4. g3 Nge7 5. h4 h6 6. h5 Nd4 7. Nh2 d5 8. Nd2 e5
9. Bg2 Be6 10. O-O Qd7 11. Re1 dxe4 12. dxe4 O-O-O 13. c3 Ndc6 14. Nhf1 Ng8 15.
Ne3 Nf6 16. a3 g6 17. hxg6 fxg6 18. b4 h5 19. b5 Ne7 20. Qa4 Kb8 21. Nf3 Qc7 22.
Nc4 Bxc4 23. Qxc4 Ng4 24. Ng5 Nc8 25. Bh3 Re8 26. a4 Nd6 27. Qe2 Nf7 28. a5 Nxg5
29. Bxg5 Qf7 30. Rad1 Be7 31. Bxe7 Rxe7 32. Rd2 Nf6 33. Red1 Ree8 34. b6 Rhf8
35. a6 axb6 36. Rd6 Qc7 37. axb7 Kxb7 38. Rd7 1-0

[Event "40th ECC Open 2025"]
[Site "Rhodes GRE"]
[Date "2025.10.24"]
[Round "6.111"]
[White "Bagi, Mate"]
[Black "Citak, Selim"]
[Result "1/2-1/2"]
[WhiteTitle "IM"]
[BlackTitle "FM"]
[WhiteElo "2431"]
[BlackElo "2308"]
[WhiteTeam "SK Dunajska Streda"]
[BlackTeam "Konya Yildiz Satranc SK"]
[WhiteFideId "742570"]
[BlackFideId "6301819"]
[EventDate "2025.10.19"]

1. e4 e5 2. Nf3 Nf6 3. Nc3 Nc6 4. Bb5 Nd4 5. O-O Nxb5 6. Nxb5 c6 7. Nc3 d6 8. d4
Qc7 9. Bg5 Be7 10. a4 a5 11. h3 O-O 12. Qd3 h6 13. Bxf6 Bxf6 14. d5 Be7 15. Nd2
f5 16. exf5 Bxf5 17. Nde4 Kh8 18. Rfd1 Qb6 19. Qe2 Bxe4 20. Nxe4 cxd5 21. Rxd5
Qxb2 22. Qd1 Qb6 23. Rb1 Qc6 24. c3 b6 25. f3 Rad8 26. Rbb5 Rb8 27. Qd3 Rfd8 28.
Kh1 Rbc8 29. Qd1 Rb8 30. Qd3 Rbc8 31. Qd1 Rb8 32. Qd3 1/2-1/2

[Event "40th ECC Open 2025"]
[Site "Rhodes GRE"]
[Date "2025.10.24"]
[Round "6.112"]
[White "Guleryuz, Kuzey"]
[Black "Varga, Zoltan"]
[Result "0-1"]
[WhiteTitle "CM"]
[BlackTitle "GM"]
[WhiteElo "2256"]
[BlackElo "2286"]
[WhiteTeam "Konya Yildiz Satranc SK"]
[BlackTeam "SK Dunajska Streda"]
[WhiteFideId "44500203"]
[BlackFideId "700509"]
[EventDate "2025.10.19"]

1. e4 Nf6 2. e5 Nd5 3. d4 c6 4. Nf3 d6 5. c4 Nc7 6. Nc3 Bg4 7. exd6 exd6 8. h3
Bh5 9. Be2 Be7 10. O-O O-O 11. Be3 Nd7 12. Re1 Rb8 13. a3 Nb6 14. b3 d5 15. c5
Nd7 16. b4 Ne6 17. Nd2 Bg6 18. Nb3 Re8 19. b5 f5 20. Bd3 Nf6 21. Ne2 Qc7 22. Qd2
Nh5 23. g3 Kh8 24. f4 Nf6 25. Qa5 b6 26. Qa6 Ne4 27. Bxe4 dxe4 28. bxc6 Qxc6 29.
Nc3 Nc7 30. Qc4 Bf6 31. Rad1 b5 32. Qe2 Bf7 33. Qc2 Red8 34. Nc1 a5 35. a4 b4
36. Nb5 Nxb5 37. axb5 Qxb5 0-1

[Event "40th ECC Open 2025"]
[Site "Rhodes GRE"]
[Date "2025.10.24"]
[Round "6.113"]
[White "Csonka, Attila Istvan"]
[Black "Olcum, Ahmet"]
[Result "0-1"]
[WhiteTitle "IM"]
[BlackTitle "FM"]
[WhiteElo "2301"]
[BlackElo "2221"]
[WhiteTeam "SK Dunajska Streda"]
[BlackTeam "Konya Yildiz Satranc SK"]
[WhiteFideId "716529"]
[BlackFideId "6311393"]
[EventDate "2025.10.19"]

1. e4 c5 2. Nf3 e6 3. Nc3 Nc6 4. d4 cxd4 5. Nxd4 Nf6 6. Ndb5 Bc5 7. Nd6+ Ke7 8.
Bf4 e5 9. Nf5+ Kf8 10. Be3 Bb4 11. Nd6 Qe7 12. Nxc8 Rxc8 13. f3 d5 14. exd5 Nd4
15. Bd3 Nxd5 16. Bd2 Rxc3 17. bxc3 Nxc3 18. a3 Qh4+ 19. Kf1 Nxd1 20. Bxb4+ Kg8
21. Rxd1 g6 22. Be4 Nf5 23. Be1 Qg5 24. Bd2 Qd8 25. Ke2 Nd4+ 26. Kf2 f5 27. Bd3
Qh4+ 28. Kf1 Kg7 29. Re1 Re8 30. f4 e4 31. Be3 Qd8 0-1

[Event "40th ECC Open 2025"]
[Site "Rhodes GRE"]
[Date "2025.10.24"]
[Round "6.114"]
[White "Acarbay, Algi"]
[Black "Takacs, Laszlo"]
[Result "1/2-1/2"]
[WhiteTitle "WCM"]
[BlackTitle "FM"]
[WhiteElo "1992"]
[BlackElo "2267"]
[WhiteTeam "Konya Yildiz Satranc SK"]
[BlackTeam "SK Dunajska Streda"]
[WhiteFideId "6303692"]
[BlackFideId "14918854"]
[EventDate "2025.10.19"]

1. e4 c5 2. Nf3 d6 3. Bb5+ Nd7 4. O-O a6 5. Bd3 Ngf6 6. Re1 e6 7. c3 b5 8. Bc2
c4 9. a4 Bb7 10. d4 cxd3 11. Qxd3 Nc5 12. Qe2 bxa4 13. Be3 Nfd7 14. Bxc5 Nxc5
15. Bxa4+ Nxa4 16. Rxa4 Be7 17. Nbd2 O-O 18. Nd4 Qd7 19. Rea1 Rab8 20. N2f3 Rfc8
21. h3 h6 22. Kh1 Rc7 23. Qd3 Bf6 24. Ra5 Rc5 25. b4 Rxa5 26. Rxa5 Qc7 27. Qe3
Rc8 28. Ra3 Qb6 29. Qe2 Qd8 30. Qe3 Rc4 31. Qd3 Rc8 32. Ra1 Qc7 33. Ra3 Qc4 34.
Qxc4 Rxc4 35. Nd2 Rc8 36. b5 axb5 37. Nxb5 Rc6 38. Ra7 Rb6 39. c4 Bg5 40. Nf3
Bxe4 41. Nxg5 hxg5 42. Rd7 d5 43. Rd8+ Kh7 44. Nd6 Bg6 45. cxd5 Rb1+ 46. Kh2
exd5 47. Ne8 Rd1 48. Rd7 d4 49. Kg3 d3 50. Nd6 Rc1 51. Nb5 f5 52. Rd8 f4+ 53.
Kh2 Bf5 54. Rd4 Kg8 55. Nd6 Bg6 56. Nc4 Rc3 57. Ne5 Bf5 58. Rd8+ Kh7 59. Rd5 g6
60. Nf7 g4 61. hxg4 Bxg4 62. f3 Bf5 63. Nd6 Be6 64. Rd4 Kg7 65. Rxf4 Rb3 66. Rd4
Kf6 67. Ne4+ Ke5 68. Rd8 Bd5 69. Nf6 Bc6 70. Ng4+ Ke6 71. Rd4 Bb5 72. Kg3 Rb2
73. Nf2 Rb3 74. Kf4 Rb2 75. Nxd3 1/2-1/2

[Event "40th ECC Open 2025"]
[Site "Rhodes GRE"]
[Date "2025.10.24"]
[Round "6.115"]
[White "Alexakis, Dimitris"]
[Black "Ragnarsson, Dagur"]
[Result "1-0"]
[WhiteTitle "IM"]
[BlackTitle "IM"]
[WhiteElo "2548"]
[BlackElo "2385"]
[WhiteTeam "Ippotis Rhodes chess club"]
[BlackTeam "Fjolnir"]
[WhiteFideId "4277023"]
[BlackFideId "2304058"]
[EventDate "2025.10.19"]

1. e4 c5 2. Nf3 Nc6 3. Bb5 Nf6 4. Bxc6 dxc6 5. d3 g6 6. h3 Bg7 7. Nc3 O-O 8. Be3
b6 9. Qd2 e5 10. Bh6 Qd6 11. Nh2 Ne8 12. O-O-O b5 13. Ng4 f6 14. f4 exf4 15.
Bxf4 Qe7 16. Rde1 a5 17. Nh6+ Kh8 18. h4 a4 19. h5 g5 20. Nf5 Bxf5 21. exf5 Qf7
22. Be3 b4 23. h6 bxc3 24. Qxc3 Qxa2 25. Bxc5 Rf7 26. hxg7+ Kxg7 27. g4 Nc7 28.
Qc4 Qxc4 29. dxc4 Re8 30. Rxe8 Nxe8 31. Kb1 Nc7 32. c3 Na6 33. Bd6 Rd7 34. c5
Nc7 35. Ka2 Nd5 36. Re1 h5 37. gxh5 Kh6 38. Re6 Kxh5 39. Bh2 Kg4 40. Rxc6 Kxf5
41. Ka3 Ra7 42. Bg1 Nf4 43. Rd6 Ra8 44. c4 g4 45. Bf2 Ne6 46. c6 Rb8 47. Bh4 Rh8
48. Be1 Rh1 49. Ba5 Rc1 50. Kb4 a3 51. bxa3 g3 52. Rd2 Rb1+ 53. Kc3 Rb8 54. a4
Nc5 55. Rd5+ Ke6 56. c7 Rc8 57. Rd8 g2 58. Rxc8 g1=Q 59. Re8+ Kd6 60. Rd8+ Nd7
61. c8=Q Qc1+ 62. Kd3 Qb1+ 63. Ke3 Qg1+ 64. Kd3 Qb1+ 65. Ke2 Qe4+ 66. Kd2 Qf4+
67. Kc2 Qf5+ 68. Kb2 Qf2+ 69. Kb3 Qf3+ 70. Kb4 1-0

[Event "40th ECC Open 2025"]
[Site "Rhodes GRE"]
[Date "2025.10.24"]
[Round "6.116"]
[White "Thorfinnsson, Bjorn"]
[Black "Patrelakis, Evaggelos"]
[Result "0-1"]
[WhiteTitle "IM"]
[BlackTitle "IM"]
[WhiteElo "2329"]
[BlackElo "2437"]
[WhiteTeam "Fjolnir"]
[BlackTeam "Ippotis Rhodes chess club"]
[WhiteFideId "2300982"]
[BlackFideId "4295102"]
[EventDate "2025.10.19"]

1. e4 e6 2. d4 d5 3. Nc3 Bb4 4. Ne2 Nf6 5. a3 Be7 6. exd5 exd5 7. Ng3 O-O 8. Bd3
c5 9. dxc5 Bxc5 10. Bg5 h6 11. Bxf6 Qxf6 12. O-O Rd8 13. Qh5 Qg5 14. Qxg5 hxg5
15. Rfd1 Nc6 16. Rd2 Be6 17. Rad1 Bd4 18. Nge2 Be5 19. Bb5 a6 20. Ba4 b5 21. Bb3
d4 22. Ne4 Bxb3 23. cxb3 f6 24. g3 g4 25. Nc5 Rd5 26. Nd3 Bd6 27. Kg2 Rd8 28.
Rc2 Ne7 29. b4 Kf7 30. Nec1 g5 31. Nb3 f5 32. h3 gxh3+ 33. Kxh3 Ng6 34. Rc6 f4
35. Rxa6 fxg3 36. fxg3 Re8 37. Rf1+ Kg7 38. Ra7+ Kh6 39. Nf2 Ne5 40. Ne4 g4+ 41.
Kg2 Nf3 42. Nbd2 Rh5 43. Nxf3 gxf3+ 44. Rxf3 Rxe4 45. Rf6+ Kg5 46. Rxd6 Re2+ 47.
Kg1 Rhh2 48. Rd5+ Kf6 49. Ra6+ Ke7 50. Re5+ Rxe5 51. Kxh2 d3 52. Ra7+ Ke6 53.
Ra6+ Kd5 54. Ra8 Kd4 55. Rd8+ Rd5 56. Rf8 d2 57. Rf1 0-1

[Event "40th ECC Open 2025"]
[Site "Rhodes GRE"]
[Date "2025.10.24"]
[Round "6.117"]
[White "Krallis, Christos"]
[Black "Bjornsson, Sigurbjorn"]
[Result "1-0"]
[WhiteTitle "FM"]
[BlackTitle "FM"]
[WhiteElo "2403"]
[BlackElo "2282"]
[WhiteTeam "Ippotis Rhodes chess club"]
[BlackTeam "Fjolnir"]
[WhiteFideId "4298896"]
[BlackFideId "2300974"]
[EventDate "2025.10.19"]

1. e4 c5 2. Nf3 d6 3. d4 cxd4 4. Nxd4 Nf6 5. Nc3 g6 6. Be3 Bg7 7. f3 Nc6 8. Qd2
O-O 9. O-O-O d5 10. Kb1 Rb8 11. Be2 e5 12. Nxc6 bxc6 13. exd5 cxd5 14. Nxd5 Nxd5
15. Qxd5 Qc7 16. Qd6 Qb7 17. b3 a5 18. Bc4 Bf5 19. g4 Qxf3 20. gxf5 Qxe3 21.
fxg6 e4 22. gxf7+ Kh8 23. Qg3 Qc3 24. Qxc3 Bxc3 25. Rhg1 e3 26. Rg2 h6 27. Rdg1
Rbd8 28. Rg8+ Kh7 29. Bd3+ Rxd3 30. Rxf8 1-0

[Event "40th ECC Open 2025"]
[Site "Rhodes GRE"]
[Date "2025.10.24"]
[Round "6.118"]
[White "Birkisson, Bjorn Holm"]
[Black "Stamatiou, Rodolfos"]
[Result "1-0"]
[WhiteTitle "CM"]
[BlackTitle "FM"]
[WhiteElo "2188"]
[BlackElo "2275"]
[WhiteTeam "Fjolnir"]
[BlackTeam "Ippotis Rhodes chess club"]
[WhiteFideId "2310600"]
[BlackFideId "25826530"]
[EventDate "2025.10.19"]

1. d4 Nf6 2. Nf3 e6 3. e3 c5 4. Bd3 b6 5. Nbd2 Bb7 6. c3 Be7 7. e4 O-O 8. O-O
cxd4 9. cxd4 Ba6 10. Bxa6 Nxa6 11. a3 Qc8 12. Re1 Qb7 13. Qe2 Rac8 14. Nf1 d5
15. e5 Ne4 16. Ng3 Nxg3 17. hxg3 Rc4 18. Qd3 Rfc8 19. Bg5 Nb8 20. g4 a5 21. g3
Bxg5 22. Nxg5 g6 23. Kg2 Qe7 24. Qe3 h6 25. Nf3 Kg7 26. Rh1 Rh8 27. Rh3 Rcc8 28.
Rah1 g5 29. Rh5 Rcg8 30. Qc1 Nd7 31. Qg1 Nf8 32. Qh2 Ng6 33. Rxh6 Kf8 34. Qh5
Ke8 35. Rc1 Kd7 36. Rxh8 Nxh8 37. Qh7 Rb8 38. Qc2 Kd8 39. Qd2 a4 40. Nxg5 Rc8
41. Rh1 Kc7 42. Rc1+ Kb7 43. Rxc8 Kxc8 44. f4 Kb7 45. f5 Qd7 46. Qc2 Qd8 47. Nh7
Qd7 48. Nf6 Qb5 49. Nh5 Qe8 50. Nf4 Qd7 51. Nd3 Qe8 52. Qe2 Kb8 53. Nb4 Qg8 54.
Kf3 Qh7 55. Kg2 Qg8 56. Qb5 Qxg4 57. Qxb6+ Kc8 58. Qc5+ Kb7 59. Qb5+ Kc8 60.
Qa6+ Kb8 61. Qd3 Kc7 62. Nc2 Kd8 63. Ne3 Qg5 64. Qe2 exf5 65. Qf3 Ng6 66. Qxd5+
Ke7 67. Qd6+ Ke8 68. Qb8+ Ke7 69. Nd5+ Kd7 70. Qd6+ 1-0

[Event "40th ECC Open 2025"]
[Site "Rhodes GRE"]
[Date "2025.10.24"]
[Round "6.119"]
[White "Sandalakis, Nikolaos"]
[Black "Hardarson, Jon Trausti"]
[Result "1-0"]
[WhiteTitle "CM"]
[WhiteElo "2206"]
[BlackElo "2076"]
[WhiteTeam "Ippotis Rhodes chess club"]
[BlackTeam "Fjolnir"]
[WhiteFideId "4222890"]
[BlackFideId "2302594"]
[EventDate "2025.10.19"]

1. e4 e6 2. d4 d5 3. Nc3 dxe4 4. Nxe4 Nd7 5. Nf3 Ngf6 6. Bd3 Nxe4 7. Bxe4 Nf6 8.
Bd3 Bd7 9. Ne5 Ba4 10. O-O c5 11. Qe2 Qb6 12. b3 Bc6 13. Re1 Bd7 14. Nxd7 Nxd7
15. d5 O-O-O 16. dxe6 fxe6 17. Qxe6 Bd6 18. Bg5 Rde8 19. Qxe8+ 1-0

[Event "40th ECC Open 2025"]
[Site "Rhodes GRE"]
[Date "2025.10.24"]
[Round "6.120"]
[White "Hauksdottir, Hrund"]
[Black "Papadopoulos, Antonios P"]
[Result "1/2-1/2"]
[WhiteElo "1826"]
[BlackElo "1510"]
[WhiteTeam "Fjolnir"]
[BlackTeam "Ippotis Rhodes chess club"]
[WhiteFideId "2302608"]
[BlackFideId "42153700"]
[EventDate "2025.10.19"]

1. e4 c5 2. Nf3 Nc6 3. d4 cxd4 4. Nxd4 g6 5. Nc3 Bg7 6. Be3 Nf6 7. f3 O-O 8. Qd2
d5 9. exd5 Nxd5 10. Nxc6 bxc6 11. Bd4 Nxc3 12. Bxc3 Qxd2+ 13. Kxd2 Rd8+ 14. Bd3
Bf5 15. Bxg7 Bxd3 16. cxd3 Kxg7 17. Rac1 Rd6 18. Rhe1 e6 19. Re4 Rad8 20. Rc3 f5
21. Ra4 R8d7 22. Ra6 Rc7 23. b4 Rb7 24. a3 Rc7 25. b5 Kf6 26. a4 Ke7 27. b6 axb6
28. Rxb6 Ra7 29. Ra3 c5 30. Rxd6 Kxd6 31. Kc3 Ra5 32. Kc4 Ke5 33. g3 g5 34. Ra2
h6 35. Re2+ Kd6 36. Ra2 Ke5 1/2-1/2

[Event "40th ECC Open 2025"]
[Site "Rhodes GRE"]
[Date "2025.10.25"]
[Round "7.37"]
[White "Fedoseev, Vladimir3"]
[Black "Gukesh, D"]
[Result "1/2-1/2"]
[WhiteTitle "GM"]
[BlackTitle "GM"]
[WhiteElo "2720"]
[BlackElo "2752"]
[WhiteTeam "Tuxera Aquaprofit Nagykanizsai Sakk Klub"]
[BlackTeam "SuperChess"]
[WhiteFideId "24130737"]
[BlackFideId "46616543"]
[EventDate "2025.10.19"]

1. d4 Nf6 2. c4 e6 3. Nf3 d5 4. Nc3 Bb4 5. cxd5 exd5 6. Qa4+ Nc6 7. Bg5 h6 8.
Bxf6 Qxf6 9. e3 O-O 10. Rc1 Qg6 11. h4 Bf5 12. h5 Qd6 13. Be2 Ne7 14. a3 a5 15.
Qb3 Bxc3+ 16. Rxc3 b6 17. O-O c5 18. dxc5 bxc5 19. Rfc1 a4 20. Qd1 Rfc8 21. Nd2
Qb6 22. b3 axb3 23. Rxb3 Qf6 24. Rbc3 c4 25. e4 dxe4 26. Bxc4 Rd8 27. Qe2 Nd5
28. Bxd5 Rxd5 29. Nxe4 Qe7 30. Re3 Bxe4 31. Rxe4 1/2-1/2

[Event "40th ECC Open 2025"]
[Site "Rhodes GRE"]
[Date "2025.10.25"]
[Round "7.38"]
[White "Van Foreest, Jorden"]
[Black "Eljanov, Pavel"]
[Result "1/2-1/2"]
[WhiteTitle "GM"]
[BlackTitle "GM"]
[WhiteElo "2697"]
[BlackElo "2657"]
[WhiteTeam "SuperChess"]
[BlackTeam "Tuxera Aquaprofit Nagykanizsai Sakk Klub"]
[WhiteFideId "1039784"]
[BlackFideId "14102951"]
[EventDate "2025.10.19"]

1. e4 e5 2. Nf3 Nc6 3. Bb5 Nf6 4. O-O Nxe4 5. Re1 Nd6 6. a4 Be7 7. Nc3 a6 8. Bf1
e4 9. Nxe4 Nxe4 10. Rxe4 d5 11. Re1 d4 12. Bc4 O-O 13. d3 h6 14. Nd2 Qd7 15. Ne4
Qg4 16. Qxg4 Bxg4 17. Bf4 Rac8 18. h3 Bd7 19. g4 Rfe8 20. Kh2 Nb4 21. Bb3 Bc6
22. a5 Bd5 23. Bxd5 Nxd5 24. Bd2 Nb4 25. Bxb4 Bxb4 26. c3 dxc3 27. bxc3 Bf8 28.
Reb1 Rcd8 29. Rxb7 Rxd3 30. Ra4 Re5 31. Ra7 Re6 32. Kg2 Rc6 33. Ra8 f6 34. Rd4
Rxd4 35. cxd4 Kf7 36. Kf3 Rc4 37. Rxa6 Rxd4 38. Rc6 Rd3+ 39. Ke2 Ra3 40. Rxc7+
Ke6 41. Ra7 Rxh3 42. Ra8 Kf7 43. Ng3 Bd6 44. Nf5 Bf8 45. Ra7+ Ke6 46. Nd4+ Ke5
47. Nc2 Rc3 48. Ne3 Ke6 49. a6 Ra3 50. Nf5 Bc5 51. Nxg7+ Ke5 52. Rc7 Ra2+ 53.
Kd3 Bxf2 54. Rc6 Ra3+ 55. Ke2 Ra2+ 56. Kf3 Bd4 57. Nf5 h5 58. Nxd4 hxg4+ 59.
Kxg4 1/2-1/2

[Event "40th ECC Open 2025"]
[Site "Rhodes GRE"]
[Date "2025.10.25"]
[Round "7.39"]
[White "Gledura, Benjamin"]
[Black "Maghsoodloo, Parham"]
[Result "1-0"]
[WhiteTitle "GM"]
[BlackTitle "GM"]
[WhiteElo "2643"]
[BlackElo "2697"]
[WhiteTeam "Tuxera Aquaprofit Nagykanizsai Sakk Klub"]
[BlackTeam "SuperChess"]
[WhiteFideId "712779"]
[BlackFideId "12539929"]
[EventDate "2025.10.19"]

1. e4 c5 2. Nf3 d6 3. d4 cxd4 4. Nxd4 Nf6 5. Nc3 a6 6. Nb3 Nc6 7. Be3 Ng4 8. Bg5
h6 9. Bd2 Nf6 10. Bd3 e5 11. Nd5 a5 12. Nxf6+ Qxf6 13. a4 Be7 14. O-O O-O 15.
Bc3 Qg6 16. Kh1 Be6 17. Qe1 b6 18. Nd2 Rab8 19. Rd1 Rfd8 20. Nc4 Qh5 21. b3 d5
22. exd5 Rxd5 23. Ne3 Rdd8 24. Bc4 Bxc4 25. Nxc4 Bc5 26. f3 Rxd1 27. Qxd1 Rd8
28. Qe2 f6 29. Nxb6 Bxb6 30. Qc4+ Kh8 31. Qxc6 Be3 32. Qc7 Re8 33. Qd7 Bf4 34.
h3 e4 35. fxe4 Rxe4 36. Bxf6 gxf6 37. Rxf4 Rxf4 38. Qd8+ Kg7 39. Qc7+ Kg6 40.
Qxf4 Qd1+ 41. Kh2 Qxc2 42. Qg4+ Kh7 43. Qc4 Qf5 44. Qf7+ Kh8 45. Qc7 Qd5 46. b4
axb4 47. Qb8+ Kg7 48. Qxb4 Qe5+ 49. Kg1 Qe3+ 50. Kf1 Qc1+ 51. Kf2 Qc2+ 52. Kg3
Qc7+ 53. Qf4 Qa5 54. Qg4+ Kh7 55. Qe4+ Kg7 56. Qc6 Qe5+ 57. Kf3 f5 58. Qc4 Kf6
59. Qb4 Kg5 60. Qd2+ Kg6 61. Qb4 Kg5 62. h4+ Kg6 63. g4 Qd5+ 64. Kf4 h5 65. Qb6+
Kf7 66. Qc7+ Kg6 67. gxh5+ Kh6 68. Qe5 Qc4+ 69. Kxf5 Qc2+ 70. Kf6 Qf2+ 71. Ke6
Qb6+ 72. Kf7 Qg6+ 73. Ke7 Qh7+ 74. Kd6 Qd3+ 75. Ke7 Qh7+ 76. Kd8 Qg8+ 77. Kd7
Qf7+ 78. Kd6 Qf8+ 79. Kc7 Qa8 80. Qg5+ Kh7 81. Qf5+ Kg7 82. Qd7+ 1-0

[Event "40th ECC Open 2025"]
[Site "Rhodes GRE"]
[Date "2025.10.25"]
[Round "7.40"]
[White "Sarana, Alexey"]
[Black "Volokitin, Andrei"]
[Result "1-0"]
[WhiteTitle "GM"]
[BlackTitle "GM"]
[WhiteElo "2661"]
[BlackElo "2617"]
[WhiteTeam "SuperChess"]
[BlackTeam "Tuxera Aquaprofit Nagykanizsai Sakk Klub"]
[WhiteFideId "24133795"]
[BlackFideId "14107090"]
[EventDate "2025.10.19"]

1. d4 Nf6 2. c4 e6 3. Nc3 Bb4 4. e3 c5 5. Ne2 d5 6. a3 Ba5 7. dxc5 dxc4 8. Bd2
O-O 9. Ng3 b6 10. Bxc4 bxc5 11. O-O Bb7 12. Qe2 Nbd7 13. Rfd1 Ne5 14. e4 Nfg4
15. Ba2 Qh4 16. h3 Nf6 17. Qe3 c4 18. Qc5 Qxg3 19. fxg3 Bb6 20. Na4 Bxc5+ 21.
Nxc5 Bc6 22. Bc3 Nd3 23. Nxd3 cxd3 24. e5 Ne4 25. Rxd3 Rad8 26. Rxd8 Rxd8 27.
Ba5 Rc8 28. g4 Bb7 29. Rd1 h5 30. gxh5 Rc2 31. Bb1 Rxb2 32. Rd8+ Kh7 33. Bd3 Kh6
34. Rh8+ Kg5 35. Rh7 g6 36. Bd8+ Kf4 37. Rxf7+ Kxe5 38. h6 Bd5 39. h7 Rxg2+ 40.
Kxg2 Ng5+ 41. Rf3 Bxf3+ 42. Kg3 Nxh7 43. Kxf3 1-0

[Event "40th ECC Open 2025"]
[Site "Rhodes GRE"]
[Date "2025.10.25"]
[Round "7.41"]
[White "Yuffa, Daniil"]
[Black "Deac, Bogdan-Daniel"]
[Result "0-1"]
[WhiteTitle "GM"]
[BlackTitle "GM"]
[WhiteElo "2621"]
[BlackElo "2655"]
[WhiteTeam "Tuxera Aquaprofit Nagykanizsai Sakk Klub"]
[BlackTeam "SuperChess"]
[WhiteFideId "24131423"]
[BlackFideId "1226380"]
[EventDate "2025.10.19"]

1. c4 e6 2. Nc3 d5 3. d4 Nf6 4. cxd5 exd5 5. Bg5 Be7 6. e3 h6 7. Bh4 O-O 8. Bd3
Re8 9. Nge2 c6 10. O-O a5 11. Rc1 Nbd7 12. f3 b5 13. Bf2 Ba6 14. Nf4 Bd6 15.
Nce2 c5 16. dxc5 Nxc5 17. Bb1 b4 18. Re1 Rc8 19. Nd4 Be5 20. Qd2 Rc7 21. Bg3 Qd7
22. Nh3 Bxg3 23. hxg3 Ne6 24. Nf4 Nxd4 25. Qxd4 Rec8 26. Rcd1 Bb7 27. Qb6 Rc5
28. Nd3 Rb5 29. Qd4 Qd6 30. Nf4 Qb6 31. Bf5 Rc4 32. Qe5 g5 33. Bd3 gxf4 34. Bxc4
dxc4 35. Rd6 Rxe5 36. Rxb6 fxg3 37. Rxf6 Rd5 38. Rb6 Bc8 39. e4 Rc5 40. Rc1 Be6
41. Kf1 c3 42. b3 h5 43. Ke2 h4 44. Ke3 Kg7 45. f4 Bg4 46. Rh1 c2 47. Rc1 h3 48.
gxh3 Bd1 49. Rd6 Rc3+ 0-1

[Event "40th ECC Open 2025"]
[Site "Rhodes GRE"]
[Date "2025.10.25"]
[Round "7.42"]
[White "Dardha, Daniel"]
[Black "Samunenkov, Ihor"]
[Result "1/2-1/2"]
[WhiteTitle "GM"]
[BlackTitle "GM"]
[WhiteElo "2605"]
[BlackElo "2568"]
[WhiteTeam "SuperChess"]
[BlackTeam "Tuxera Aquaprofit Nagykanizsai Sakk Klub"]
[WhiteFideId "240990"]
[BlackFideId "14187086"]
[EventDate "2025.10.19"]

1. d4 d5 2. c4 e6 3. Nf3 Nf6 4. g3 Be7 5. Bg2 O-O 6. O-O dxc4 7. Qa4 a6 8. Qxc4
b5 9. Qc2 Bb7 10. Bf4 Nc6 11. Nc3 Nb4 12. Qc1 Rc8 13. a3 Nbd5 14. Nxd5 Bxd5 15.
b4 a5 16. bxa5 c5 17. dxc5 Qxa5 18. Be3 Nd7 19. Qb1 Bf6 20. Ng5 Bxg5 21. Bxg5
Bxg2 22. Kxg2 Nxc5 23. Be7 Rfe8 24. Bxc5 Rxc5 25. Qe4 Qa8 26. Qxa8 Rxa8 27. Rfc1
Rxc1 28. Rxc1 Kf8 29. Rc5 Rxa3 30. Rxb5 g6 31. h4 1/2-1/2

[Event "40th ECC Open 2025"]
[Site "Rhodes GRE"]
[Date "2025.10.25"]
[Round "7.43"]
[White "Erigaisi, Arjun"]
[Black "Gelfand, Boris"]
[Result "1/2-1/2"]
[WhiteTitle "GM"]
[BlackTitle "GM"]
[WhiteElo "2773"]
[BlackElo "2636"]
[WhiteTeam "Alkaloid"]
[BlackTeam "Rishon Le Zion #1"]
[WhiteFideId "35009192"]
[BlackFideId "2805677"]
[EventDate "2025.10.19"]

1. e4 c5 2. Nf3 Nc6 3. Bb5 e6 4. Bxc6 bxc6 5. d3 Ne7 6. Nbd2 d6 7. e5 dxe5 8.
Nxe5 Qd5 9. Nef3 f6 10. Qe2 e5 11. b3 Ng6 12. Nc4 Bg4 13. h4 h5 14. Qe4 Kf7 15.
Ne3 Qxe4 16. dxe4 Bxf3 17. gxf3 Nf4 18. Nc4 Ne6 19. Be3 Be7 20. c3 Rhd8 21. Ke2
Rd7 22. Rad1 Rad8 23. Rxd7 Rxd7 24. Na5 Rc7 25. Rd1 g5 26. Rh1 Kg6 27. Kf1 Nd8
28. Rg1 Nf7 29. f4 exf4 30. Bxf4 Bd6 31. Be3 Ne5 32. Ke2 g4 33. Rd1 Be7 34. Bf4
Rc8 35. Bxe5 fxe5 36. Rh1 Kf7 37. Nc4 Ke6 38. Ne3 a5 39. Nc4 Rf8 40. a4 Rf3 41.
Nxa5 c4 42. Nxc4 Rxc3 43. Ra1 Rc2+ 44. Kd3 Rxf2 45. a5 Bc5 46. a6 Rf3+ 47. Ke2
Rf2+ 48. Kd3 Rf3+ 49. Ke2 Rf2+ 1/2-1/2